| 000 | 00765nam a22001337a 4500 | ||
|---|---|---|---|
| 040 | _cRUA | ||
| 082 | _aAGR KEP 2015 B547 Or.1 | ||
| 100 | _aKEP CHANTRA,កែប ចន្រ្តា | ||
| 245 | _aeffect of different rates of insecticide on diamond back moth on chinese kale at royal university of agriculture ,ឥទិ្ធពលកម្រិតខុសគ្នានៃថ្នាំសំលាប់សត្វល្អិតទៅលើការកំចាត់ដង្កូវយោលទោងលើដំណាំខាត់ណាដើមនៅសាកលវិទ្យាល័យភូមិន្ទកសិកម្ម | ||
| 260 |
_aphnom penh _bRUA _c2015 |
||
| 300 |
_axi;42p; _bill; _c29cm; |
||
| 856 | _u KEP CHANTRA | ||
| 942 | _cAGR | ||
| 999 |
_c12284 _d12284 |
||